| 000 | 01055cam a2200301 i 4500 | ||
|---|---|---|---|
| 999 |
_c200443164 _d61376 |
||
| 001 | 200443164 | ||
| 003 | TR-AnTOB | ||
| 005 | 20220607151544.0 | ||
| 007 | ta | ||
| 008 | 030804s1970 tu 000 0 tur d | ||
| 010 | _a94169650 | ||
| 035 | _a(TR-AnTOB)200443164 | ||
| 040 |
_aCLU _beng _erda _cCLU _dDLC _dBGZ _dTR-AnTOB |
||
| 041 | 0 | _atur | |
| 050 | 4 |
_aPL213 _b.T73 1970 |
|
| 090 |
_aPL213 _b.T73 1970 |
||
| 245 | 1 | 0 |
_aTrabzon meşhurları bibliyografyası : _bedebiyatta, sanatta, ilimde, politikada ve her sahada yetişmiş Trabzonluların hayatı ve eserleri / _cderleyen Ömer Akbulut. |
| 264 | 1 |
_aAnkara : _bTürkiye Ticaret Odaları,Sanayi Odaları ve Ticaret Borsaları Birliği Matbaası, _c1970. |
|
| 300 |
_a96 pages ; _c24 cm |
||
| 336 |
_atext _btxt _2rdacontent |
||
| 337 |
_aunmediated _bn _2rdamedia |
||
| 338 |
_avolume _bnc _2rdacarrier |
||
| 650 | 7 |
_aYazarlar, Türk _zTürkiye _zTrabzon _2etuturkob _9132266 |
|
| 700 | 1 |
_aAkbulut, Ömer _eeditor _9132267 |
|
| 942 |
_2lcc _cBK |
||